Tình hình ở khu vực Châu Á - Thái Bình Dương và chính sách của Nga trong khu vực này /

Đã lưu trong:
Sonraí Bibleagrafaíochta
Príomhúdar: K.A Kokarev.
Formáid: Bài viết
Teanga:Vietnamese
Ábhair:
Clibeanna: Cuir Clib Leis
Gan Chlibeanna, Bí ar an gcéad duine leis an taifead seo a chlibeáil!
Thư viện lưu trữ: Thư viện Trường Đại học Đà Lạt
LEADER 00793nam a2200253 4500
001 DLU140166005
005 ##20141209
040 # # |a DLU  |b vie 
041 # # |a vie 
044 # # |a vn 
100 # # |a K.A Kokarev. 
245 # # |a Tình hình ở khu vực Châu Á - Thái Bình Dương và chính sách của Nga trong khu vực này /  |c K.A Kokarev. 
653 # # |a Châu Á- Thái Bình Dương 
653 # # |a Chính sách đối ngoại 
773 # # |t Tạp chí Nghiên cứu Châu Âu  |g Số4(163), 2014, tr. 24-27 
920 # # |a Phòng Tạp chí -- Trung tâm Thông tin - Thư viện Trường Đại học Đà Lạt 
994 # # |a DLU 
900 # # |a True 
911 # # |a Nguyễn Thị Mai Anh 
925 # # |a G 
926 # # |a A 
927 # # |a BB 
980 # # |a Thư viện Trường Đại học Đà Lạt